000 00364nam a2200133 i 4500
001 bg
245 0 _aTerenowe organy administracji i rady narodowe po reformie /
_cred. nauk. Jerzy Służewski.
260 _aWarszawa,
_c1977.
700 1 _aSłużewski, Jerzy.
_eRed.
040 _cBPK
041 _apol
942 _cKS
008 s pl f |000 0 pol
999 _c17686
_d17686
856 _uhttp://koha.tu.koszalin.pl/cgi-bin/koha/opac-detail.pl?biblionumber=17686
_yKatalog online BPK